100 fotografías de Juan Rulfo.
Guardat en:
| Autor principal: | |
|---|---|
| Format: | Llibre |
| Publicat: |
México D.F, México:
RM,
2015.
|
| Matèries: | |
| Etiquetes: |
Afegir etiqueta
Sense etiquetes, Sigues el primer a etiquetar aquest registre!
|
MARC
| LEADER | 00000nam a22000007a 4500 | ||
|---|---|---|---|
| 003 | CL-VaPUC | ||
| 005 | 20250407202436.0 | ||
| 008 | 250305t2010 ||||| |||| 00| 0 eng d | ||
| 999 | |c 447123 |d 447121 | ||
| 020 | |a 978-607-7515-63-0 | ||
| 040 | |c Pontificia Universidad Católica de Valparaíso | ||
| 082 | |a 770.92 RUL 2010 | ||
| 100 | |9 310367 |a Rulfo, Juan |e texto |e fotografías | ||
| 245 | |a 100 fotografías de Juan Rulfo. | ||
| 260 | |a México D.F, México: |b RM, |c 2015. | ||
| 300 | |a 139 páginas: |b fotografías. | ||
| 500 | |a c.1. Instituto Arcos.08-01-2025. | ||
| 583 | |c 20250305 |k Gabriela Rodríguez Cuevas | ||
| 600 | 0 | |9 310367 |a Rulfo, Juan |e Escritor, guionista y fotógrafo |x Obra fotográfica |z México | |
| 651 | 0 | |9 255269 |a México |x Fotografías en blanco y negro |z Siglo 20 | |
| 942 | |2 ddc |c BK |n 0 | ||
| 952 | |0 0 |1 0 |2 ddc |4 0 |6 770_920000000000000_RUL_2010 |7 0 |8 A |9 600646 |a BIBINC |b BIBINC |d 2025-03-05 |e Instituto Arcos |i 5665419 |o 770.92 RUL 2010 |p 5665419 |r 2025-03-05 |t 1 |w 2025-03-05 |y BK |k IFP | ||